00900cam a2200253u 450000100060000000300080000600500170001400800410003103500190007204000240009104100080011504300120012308200270013510000500016224500940021225000120030626000410031830000350035965000300039490600450042494200120046999900170048195201480049875324BD-RjUL20211209082655.0821119s1946 ii 000 0 eng  a(BD-RjUL)75542 aDLCcCarPdDLCbeng aeng aa-ii--- 223a635.0954bBIG 19461 aBindal, Amar Nath. [from old catalog]922863500aGardening in India a practical handbook on fruit and flower gardening./cAmar Nath Bindal a1st ed. aBombay :c [1946]bD.B. Taraporevala aviii, 150 p. :c19 cm.bill. ; 0aGardeningzIndia.9228636 a0bcbccpremunvduencipf19gy-gencatlg 2ddccBK c75324d75324 00102ddc40718NFICaRUCLbRUCLcReadingd1956-02-18eO.B.D. Stationaryg4.00l0o635.0954 BIG 1946r2019-02-26 00:00:00tC-1w2019-02-26yBK